[Event "GER-chT U20"]
[Site "Osnabrueck"]
[Date "2015.12.27"]
[Round "2.4"]
[White "Eigemann, Frederik"]
[Black "Steimbach, Isabel"]
[Result "0-1"]
[WhiteElo "2011"]
[BlackElo "1894"]
[PlyCount "70"]
[EventDate "2015.12.27"]
[EventType "team-swiss"]
[EventRounds "7"]
[EventCountry "GER"]
[SourceTitle "EXT 2017"]
[Source "ChessBase"]
[SourceDate "2016.10.25"]
[SourceVersion "1"]
[SourceVersionDate "2016.10.25"]
[SourceQuality "1"]
[WhiteTeam "Porz SG"]
[BlackTeam "Baden-Baden"]
[WhiteTeamCountry "GER"]
[BlackTeamCountry "GER"]

1. d4 d5 2. c4 e6 3. Nc3 Nf6 4. cxd5 exd5 5. Bg5 Be7 6. Qc2 c6 7. e3 Nbd7 8. Bd3 Nh5 9. Bxe7 Qxe7 10. Nge2 g6 11. 0-0-0 Nb6 12. Ng3 Ng7 13. Rhe1 Ne6 14. f3 0-0 15. Qf2 c5 16. Nge2 c4 17. Bc2 Bd7 18. e4 Bc6 19. h4 Qc7 20. h5 a5 21. Rh1 a4 22. a3 Nf4 23. e5 Nxh5 24. Rxh5 gxh5 25. Qh4 f5 26. exf6 Qf7 27. Rh1 Be8 28. Qg5+ Kh8 29. Rxh5 Rg8 30. Rxh7+ Qxh7 31. Qe5 Qh6+ 32. Nf4 Bf7 33. Kb1 Nd7 34. Qf5 Nxf6 35. Nfxd5 Bxd5 0-1

[Event "GER-chT U20"]
[Site "Naumburg Saale"]
[Date "2014.12.30"]
[Round "7.4"]
[White "Eigemann, Frederik"]
[Black "Merker, Konstantin"]
[Result "1/2-1/2"]
[WhiteElo "1957"]
[BlackElo "1663"]
[PlyCount "96"]
[EventDate "2014.12.27"]
[EventType "team-swiss"]
[EventRounds "7"]
[EventCountry "GER"]
[SourceTitle "EXT 2016"]
[Source "ChessBase"]
[SourceDate "2015.10.08"]
[SourceVersion "1"]
[SourceVersionDate "2015.10.08"]
[SourceQuality "1"]
[WhiteTeam "Porz SG"]
[BlackTeam "Coswig TuS"]
[WhiteTeamCountry "GER"]
[BlackTeamCountry "GER"]

1. d4 Nf6 2. Bg5 e6 3. e4 h6 4. Bxf6 Qxf6 5. Qd2 d5 6. e5 Qd8 7. f4 c5 8. Nf3 Be7 9. c3 0-0 10. Be2 Nc6 11. 0-0 a6 12. a3 Bd7 13. b4 b6 14. g4 Qe8 15. Bd3 c4 16. Bc2 f6 17. Qg2 fxe5 18. fxe5 Rf4 19. Nbd2 Qf7 20. g5 Qh5 21. h3 Raf8 22. gxh6 Qxh6 23. Nh2 Be8 24. Ng4 Rxf1+ 25. Rxf1 Rxf1+ 26. Kxf1 Qf4+ 27. Qf2 Bg5 28. Qxf4 Bxf4 29. Ke1 Ne7 30. Nf1 Bg6 31. Bd1 Nf5 32. Bf3 Kf7 33. Ke2 Nh4 34. Nfe3 Bd3+ 35. Kf2 Nxf3 36. Kxf3 Bg5 37. Kg3 Bd8 38. Ng2 g5 39. Ne1 Be4 40. Ne3 Kg6 41. Kg4 Be7 42. N1c2 b5 43. Ne1 Bd8 44. N1g2 Bd3 45. Ne1 Be4 46. N1g2 Be7 47. Ne1 Bf8 48. Kg3 Be7 1/2-1/2

[Event "GER-chT U20"]
[Site "Naumburg Saale"]
[Date "2014.12.29"]
[Round "6.4"]
[White "Scholz, Robert"]
[Black "Eigemann, Frederik"]
[Result "1-0"]
[WhiteElo "1925"]
[BlackElo "1957"]
[PlyCount "85"]
[EventDate "2014.12.27"]
[EventType "team-swiss"]
[EventRounds "7"]
[EventCountry "GER"]
[SourceTitle "EXT 2016"]
[Source "ChessBase"]
[SourceDate "2015.10.08"]
[SourceVersion "1"]
[SourceVersionDate "2015.10.08"]
[SourceQuality "1"]
[WhiteTeam "Dresden TU"]
[BlackTeam "Porz SG"]
[WhiteTeamCountry "GER"]
[BlackTeamCountry "GER"]

1. e4 e6 2. d4 d5 3. Nc3 Bb4 4. e5 c5 5. Bd2 Nh6 6. Nb5 Bxd2+ 7. Qxd2 0-0 8. c3 b6 9. f4 Ba6 10. Nf3 Nc6 11. Be2 Qe7 12. Nd6 Bxe2 13. Qxe2 cxd4 14. cxd4 Nf5 15. Nxf5 Qb4+ 16. Qd2 exf5 17. Rd1 Qa4 18. b3 Qb5 19. Qd3 Qa5+ 20. Rd2 g6 21. 0-0 Nb4 22. Qe2 Rac8 23. h3 Rc6 24. g4 Qa6 25. Qg2 fxg4 26. hxg4 f5 27. gxf5 Rxf5 28. Nh4 Rh5 29. Qg4 Qc8 30. f5 Nc2 31. Rd3 Qa8 32. f6 Kh8 33. f7 Qf8 34. e6 Rxh4 35. Qxh4 Rxe6 36. Rh3 h5 37. Qg5 Nb4 38. a3 Nc6 39. Rf6 Re1+ 40. Kf2 Nxd4 41. Rxh5+ gxh5 42. Qxh5+ Kg7 43. Qh6# 1-0

[Event "GER-chT U20"]
[Site "Naumburg Saale"]
[Date "2014.12.28"]
[Round "3.4"]
[White "Kaulich, Philipp Theodor"]
[Black "Eigemann, Frederik"]
[Result "1-0"]
[WhiteElo "2147"]
[BlackElo "1957"]
[PlyCount "105"]
[EventDate "2014.12.27"]
[EventType "team-swiss"]
[EventRounds "7"]
[EventCountry "GER"]
[SourceTitle "EXT 2016"]
[Source "ChessBase"]
[SourceDate "2015.10.08"]
[SourceVersion "1"]
[SourceVersionDate "2015.10.08"]
[SourceQuality "1"]
[WhiteTeam "Bebenhausen"]
[BlackTeam "Porz SG"]
[WhiteTeamCountry "GER"]
[BlackTeamCountry "GER"]

1. e4 e6 2. d4 d5 3. Nd2 a6 4. Ngf3 Nf6 5. Bd3 c5 6. dxc5 Bxc5 7. e5 Nfd7 8. c3 Nc6 9. Nb3 Be7 10. Qe2 Qc7 11. Bf4 g5 12. Nxg5 Ndxe5 13. 0-0 h6 14. Nxf7 Kxf7 15. Qh5+ Kg7 16. Rae1 Bf6 17. Bg6 Qd8 18. Bc2 Bd7 19. Re3 Qe8 20. Qh3 Ng6 21. Rg3 Bg5 22. Bd6 e5 23. Qh5 Nf4 24. Rxg5+ hxg5 25. Qxg5+ Ng6 26. f4 exf4 27. Rxf4 Qe1+ 28. Rf1 Qe6 29. Bc5 Rhe8 30. h4 Qg4 31. Qf6+ Kh6 32. Nd4 Nxd4 33. Bxd4 Rg8 34. Be3+ Kh7 35. h5 Qxh5 36. Rf4 Raf8 37. Bxg6+ Rxg6 38. Qxf8 Qd1+ 39. Rf1 Qg4 40. Rf2 Qd1+ 41. Rf1 Qg4 42. Qf2 Bf5 43. Bd4 b5 44. Be5 Be6 45. g3 Bg8 46. Qa7+ Kh6 47. Bf4+ Kh5 48. Qd4 Rg7 49. Rf2 Kg6 50. Qd3+ Kf6 51. Bh6+ Ke7 52. Qe3+ Be6 53. Bxg7 1-0

[Event "Goch op 25th"]
[Site "Goch"]
[Date "2014.09.07"]
[Round "7"]
[White "Eigemann, Frederik"]
[Black "Thevessen, Hubert"]
[Result "1/2-1/2"]
[WhiteElo "2023"]
[BlackElo "1871"]
[PlyCount "94"]
[EventDate "2014.09.04"]
[EventType "swiss"]
[EventRounds "7"]
[EventCountry "GER"]
[SourceTitle "EXT 2016"]
[Source "ChessBase"]
[SourceDate "2015.10.08"]
[SourceVersion "1"]
[SourceVersionDate "2015.10.08"]
[SourceQuality "1"]

1. d4 d5 2. c4 c6 3. Nf3 Nf6 4. Nbd2 g6 5. g3 Bg7 6. Bg2 0-0 7. 0-0 Nbd7 8. Qc2 b6 9. b3 Bb7 10. Bb2 Rc8 11. Rac1 c5 12. Qb1 dxc4 13. Nxc4 Be4 14. Qa1 Nd5 15. Ncd2 Bxf3 16. Nxf3 e6 17. Rfd1 Qe7 18. e4 Nc7 19. Rc2 Rfd8 20. Qc1 Na6 21. Ba3 Qe8 22. Bf1 Nb4 23. Bxb4 cxb4 24. Bb5 Rxc2 25. Qxc2 Rc8 26. Qd2 Rc3 27. Ne5 Nxe5 28. Bxe8 Nf3+ 29. Kg2 Nxd2 30. Rxd2 Kf8 31. Bb5 Ke7 32. d5 Rc5 33. Bc6 Bc3 34. Rd3 e5 35. d6+ Kd8 36. Bd5 f5 37. exf5 gxf5 38. Be6 e4 39. Rd5 Rxd5 40. Bxd5 Kd7 41. Bg8 Kxd6 42. Bxh7 Ke5 43. Kf1 a5 44. Ke2 f4 45. gxf4+ Kxf4 46. h4 Bd4 47. h5 Bf6 1/2-1/2

[Event "Goch op 25th"]
[Site "Goch"]
[Date "2014.09.07"]
[Round "6"]
[White "Nagel, Bernhard"]
[Black "Eigemann, Frederik"]
[Result "1-0"]
[WhiteElo "2203"]
[BlackElo "2023"]
[PlyCount "131"]
[EventDate "2014.09.04"]
[EventType "swiss"]
[EventRounds "7"]
[EventCountry "GER"]
[SourceTitle "EXT 2016"]
[Source "ChessBase"]
[SourceDate "2015.10.08"]
[SourceVersion "1"]
[SourceVersionDate "2015.10.08"]
[SourceQuality "1"]

1. d4 e6 2. Nf3 c5 3. c4 cxd4 4. Nxd4 b6 5. Nc3 Bb7 6. e3 Nf6 7. b3 a6 8. Bb2 d6 9. Qd2 Nbd7 10. f3 Qc7 11. Be2 Be7 12. 0-0 Rc8 13. Rac1 Qb8 14. f4 Rg8 15. Bf3 g5 16. Qe2 Nc5 17. Bxb7 Qxb7 18. Nf3 Nfe4 19. Nxe4 Qxe4 20. fxg5 Nd3 21. Rc3 Nxb2 22. Qxb2 Bxg5 23. Qf2 Be7 24. Ne1 Qg6 25. Rd3 Rc5 26. Qf3 Kf8 27. Rd4 Rf5 28. Rf4 Rxf4 29. Qxf4 e5 30. Qf3 e4 31. Qh3 Bg5 32. Nc2 Ke7 33. Rf2 Qh6 34. Qf5 Qg6 35. Qd5 Bh4 36. Re2 Kf8 37. Nd4 Be7 38. Nf5 Qf6 39. Qxe4 Rg6 40. Qxe7+ Qxe7 41. Nxe7 Kxe7 42. Kf2 Ke6 43. Rd2 Rg5 44. g3 Rf5+ 45. Ke2 Re5 46. Rd4 Ra5 47. a4 Rh5 48. h4 b5 49. cxb5 axb5 50. Kd3 bxa4 51. bxa4 Rc5 52. Rc4 Ra5 53. Kc3 Kd5 54. Rf4 Ra7 55. Kb4 Rb7+ 56. Ka3 Re7 57. e4+ Kd4 58. a5 Ra7 59. Ka4 Kc4 60. e5+ Kc5 61. exd6 Kxd6 62. Rf6+ Ke5 63. Rb6 Kf5 64. Rb4 Ke5 65. Kb5 Rb7+ 66. Kc5 1-0

[Event "Goch op 25th"]
[Site "Goch"]
[Date "2014.09.06"]
[Round "4"]
[White "Woellermann, Jan"]
[Black "Eigemann, Frederik"]
[Result "1-0"]
[WhiteElo "2243"]
[BlackElo "2023"]
[PlyCount "103"]
[EventDate "2014.09.04"]
[EventType "swiss"]
[EventRounds "7"]
[EventCountry "GER"]
[SourceTitle "EXT 2016"]
[Source "ChessBase"]
[SourceDate "2015.10.08"]
[SourceVersion "1"]
[SourceVersionDate "2015.10.08"]
[SourceQuality "1"]

1. d4 e6 2. c4 Bb4+ 3. Bd2 a5 4. g3 Nf6 5. Bg2 d5 6. Nf3 0-0 7. 0-0 c6 8. Qc2 Nbd7 9. Bf4 dxc4 10. Qxc4 Nb6 11. Qc2 Nbd5 12. Bc1 Be7 13. a3 Bd7 14. e4 Nc7 15. Ne5 c5 16. dxc5 Na6 17. c6 Rc8 18. Rd1 Nb8 19. Qb3 Nxc6 20. Nxd7 Nxd7 21. Be3 Qc7 22. Nc3 Nc5 23. Qb5 Na7 24. Qc4 Qb8 25. Nb5 Nxe4 26. Qa4 Nxb5 27. Bxe4 Nd6 28. Bf4 g5 29. Bxd6 Bxd6 30. Qxa5 f5 31. Qb6 fxe4 32. Rxd6 Rc6 33. Rxc6 bxc6 34. Qxc6 Qxb2 35. Qxe6+ Kh8 36. Ra2 Qb1+ 37. Kg2 e3 38. Qe5+ Kg8 39. Qxg5+ Kh8 40. Qe5+ Kg8 41. Qd5+ Kh8 42. Qd4+ Kg8 43. Qc4+ Kg7 44. fxe3 Qf5 45. Rd2 Qf3+ 46. Kh3 h5 47. Rd7+ Kh6 48. Rd6+ Kh7 49. Qe6 Rf5 50. Rd7+ Kh8 51. Qh6+ Kg8 52. Qg7# 1-0

[Event "GER-chT U20"]
[Site "Osnabrueck"]
[Date "2013.12.29"]
[Round "6.4"]
[White "Riederer, Martin"]
[Black "Eigemann, Frederik"]
[Result "1/2-1/2"]
[WhiteElo "2118"]
[BlackElo "1904"]
[PlyCount "110"]
[EventDate "2013.12.27"]
[EventType "team-swiss"]
[EventRounds "7"]
[EventCountry "GER"]
[SourceTitle "EXT 2015"]
[Source "ChessBase"]
[SourceDate "2014.11.20"]
[SourceVersion "1"]
[SourceVersionDate "2014.11.20"]
[SourceQuality "1"]
[WhiteTeam "Hamburger SK"]
[BlackTeam "Koeln Porz"]
[WhiteTeamCountry "GER"]
[BlackTeamCountry "GER"]

1. d4 e6 2. c4 Bb4+ 3. Bd2 a5 4. a3 Bxd2+ 5. Qxd2 Nf6 6. Nc3 b6 7. e4 d6 8. Bd3 e5 9. Nge2 Nbd7 10. b3 0-0 11. 0-0 Bb7 12. d5 Nc5 13. Bc2 Qe7 14. Ng3 g6 15. Nd1 Bc8 16. f3 Ne8 17. Ne3 Qg5 18. b4 Nd7 19. Rfd1 Ng7 20. Rab1 h5 21. Kh1 Kh8 22. Nef1 Qxd2 23. Nxd2 f5 24. Ne2 Nf6 25. Nc3 h4 26. Nb5 Rf7 27. exf5 Nxf5 28. Bd3 Nh5 29. Nb3 a4 30. Nd2 Nf4 31. Nf1 Kg7 32. Rbc1 Ba6 33. Bxf5 gxf5 34. Rd2 Kf6 35. Ne3 Bxb5 36. cxb5 Ra7 37. g3 Ng6 38. Kg2 Rh7 39. Rdc2 f4 40. Ng4+ Kf5 41. Rc4 hxg3 42. hxg3 fxg3 43. Ne3+ Kf6 44. Kxg3 Nf4 45. R1c2 Rh3+ 46. Kf2 Rh2+ 47. Kg3 Re2 48. R4c3 Kg5 49. Rc1 Nh5+ 50. Kh3 Nf4+ 51. Kg3 Ra2 52. Rxc7 Ne2+ 53. Kh3 Nf4+ 54. Kg3 Ne2+ 55. Kh3 Nf4+ 1/2-1/2

[Event "Bad Godesberg op 17th"]
[Site "Bad Godesberg"]
[Date "2013.08.10"]
[Round "8"]
[White "Kohler, Otto"]
[Black "Eigemann, Frederik"]
[Result "1/2-1/2"]
[WhiteElo "1992"]
[BlackElo "2016"]
[PlyCount "120"]
[EventDate "2013.08.03"]
[EventType "swiss"]
[EventRounds "9"]
[EventCountry "GER"]
[SourceTitle "CBM 155 Extra"]
[Source "ChessBase"]
[SourceDate "2013.08.26"]
[SourceVersion "1"]
[SourceVersionDate "2013.08.26"]
[SourceQuality "1"]

1. e4 e6 2. d4 d5 3. e5 c5 4. c3 Qb6 5. Nf3 Bd7 6. Bd3 Bb5 7. 0-0 Bxd3 8. Qxd3 Qa6 9. Ne1 Ne7 10. dxc5 Nd7 11. Qxa6 bxa6 12. Nd3 Nc6 13. b4 Ncxe5 14. Nxe5 Nxe5 15. Bf4 Nc6 16. a4 f6 17. b5 Na5 18. c6 Bc5 19. Nd2 e5 20. Rfe1 Kf7 21. Be3 Bxe3 22. fxe3 e4 23. Rab1 Rhb8 24. Rb4 axb5 25. axb5 a6 26. c7 Rxb5 27. Rxb5 axb5 28. Ra1 Rc8 29. Rxa5 Rxc7 30. Rxb5 Rxc3 31. Rxd5 Rxe3 32. Kf2 Ra3 33. Nxe4 Ke6 34. Rd2 Kf5 35. Nd6+ Kg6 36. Re2 Kh6 37. Nc4 Ra4 38. Nd2 Kg6 39. Nf3 Kf7 40. h3 Rb4 41. g4 Ra4 42. Kg3 Ra3 43. Rf2 Rb3 44. Kg2 Rb4 45. Nh4 h5 46. Kg3 hxg4 47. hxg4 g6 48. Ng2 Kg7 49. Ne3 Rb3 50. Rf3 Rb5 51. Kh4 Rc5 52. Kh3 f5 53. Nxf5+ gxf5 54. gxf5 Kf6 55. Kg4 Rc4+ 56. Rf4 Rxf4+ 57. Kxf4 Kf7 58. Kg5 Kg7 59. f6+ Kf7 60. Kf5 Kf8 1/2-1/2

[Event "Bad Godesberg op 17th"]
[Site "Bad Godesberg"]
[Date "2013.08.05"]
[Round "3"]
[White "Eigemann, Frederik"]
[Black "Kronseder, Michael"]
[Result "1-0"]
[WhiteElo "2016"]
[BlackElo "1779"]
[PlyCount "49"]
[EventDate "2013.08.03"]
[EventType "swiss"]
[EventRounds "9"]
[EventCountry "GER"]
[SourceTitle "CBM 155 Extra"]
[Source "ChessBase"]
[SourceDate "2013.08.26"]
[SourceVersion "1"]
[SourceVersionDate "2013.08.26"]
[SourceQuality "1"]

1. d4 d5 2. c4 dxc4 3. e3 Nf6 4. Bxc4 Nc6 5. Nf3 Bg4 6. Qb3 e6 7. Qxb7 Bxf3 8. gxf3 Nb4 9. Qb5+ c6 10. Qa4 Nfd5 11. a3 Nb6 12. Qb3 N4d5 13. e4 Nc7 14. Be3 Rb8 15. Nd2 Nbd5 16. Qc2 Nxe3 17. fxe3 Qg5 18. Kf2 Be7 19. Rag1 Qh6 20. Rg2 Bg5 21. Nf1 Nb5 22. Bxb5 cxb5 23. Qc6+ Ke7 24. Qc7+ Kf6 25. Qe5+ 1-0

[Event "Bad Godesberg op 17th"]
[Site "Bad Godesberg"]
[Date "2013.08.04"]
[Round "2"]
[White "Bitsch, Heinz"]
[Black "Eigemann, Frederik"]
[Result "1/2-1/2"]
[WhiteElo "1878"]
[BlackElo "2016"]
[PlyCount "76"]
[EventDate "2013.08.03"]
[EventType "swiss"]
[EventRounds "9"]
[EventCountry "GER"]
[SourceTitle "CBM 155 Extra"]
[Source "ChessBase"]
[SourceDate "2013.08.26"]
[SourceVersion "1"]
[SourceVersionDate "2013.08.26"]
[SourceQuality "1"]

1. e4 e6 2. d4 d5 3. Nd2 Be7 4. e5 c5 5. c3 Nc6 6. Bb5 Qb6 7. Bxc6+ bxc6 8. Ne2 cxd4 9. cxd4 c5 10. 0-0 cxd4 11. Qa4+ Bd7 12. Qxd4 Bb5 13. Qg4 g6 14. Nb3 h5 15. Qf3 Rc8 16. Be3 Qa6 17. Nbd4 Bxe2 18. Qxe2 Qxe2 19. Nxe2 Rc2 20. Nc3 a6 21. Na4 d4 22. Bc1 f6 23. f4 Nh6 24. Rf2 Rxf2 25. Kxf2 fxe5 26. fxe5 Ng4+ 27. Kg3 Nxe5 28. Bd2 h4+ 29. Kf4 Rh5 30. Ke4 Nc6 31. Rc1 Kd7 32. Nb6+ Kc7 33. Nc4 Kb7 34. Bf4 Rd5 35. Ne5 Nd8 36. Nxg6 Bf6 37. Ne5 Rb5 38. Nd7 e5 1/2-1/2

[Event "Bad Godesberg op 17th"]
[Site "Bad Godesberg"]
[Date "2013.08.03"]
[Round "1"]
[White "Eigemann, Frederik"]
[Black "Wahl, Hedi"]
[Result "1-0"]
[WhiteElo "2016"]
[BlackElo "1557"]
[PlyCount "52"]
[EventDate "2013.08.03"]
[EventType "swiss"]
[EventRounds "9"]
[EventCountry "GER"]
[SourceTitle "CBM 155 Extra"]
[Source "ChessBase"]
[SourceDate "2013.08.26"]
[SourceVersion "1"]
[SourceVersionDate "2013.08.26"]
[SourceQuality "1"]

1. d4 g6 2. e4 d6 3. Be3 Bg7 4. Nc3 c6 5. Qd2 Nf6 6. f3 Nbd7 7. Nge2 a5 8. a4 e5 9. 0-0-0 Rb8 10. d5 c5 11. Nb5 Qb6 12. Na3 0-0 13. Nc4 Qb4 14. Qxb4 cxb4 15. Nxd6 b6 16. Kb1 Rd8 17. Nc1 Nc5 18. Bxc5 bxc5 19. Nc4 Ra8 20. Nb3 Nd7 21. Nbxa5 Ba6 22. Nc6 Bxc4 23. Bxc4 Rdc8 24. Bb5 Nb6 25. d6 Bf6 26. Ne7+ Bxe7 1-0

[Event "GER-chT U16"]
[Site "Naumburg"]
[Date "2012.12.29"]
[Round "6"]
[White "Oehne, Timo"]
[Black "Eigemann, Frederik"]
[Result "1-0"]
[WhiteElo "2046"]
[BlackElo "1911"]
[PlyCount "79"]
[EventDate "2012.12.27"]
[EventType "team-swiss"]
[EventRounds "7"]
[EventCountry "GER"]
[SourceTitle "EXT 2014"]
[Source "ChessBase"]
[SourceDate "2013.11.20"]
[SourceVersion "1"]
[SourceVersionDate "2013.11.20"]
[SourceQuality "1"]
[WhiteTeam "Lingen"]
[BlackTeam "Porz SG"]
[WhiteTeamCountry "GER"]
[BlackTeamCountry "GER"]

1. e4 e6 2. d4 c5 3. Nf3 cxd4 4. Nxd4 a6 5. Nc3 Qc7 6. Bd3 Nf6 7. f4 d6 8. 0-0 Be7 9. Kh1 b5 10. e5 Nfd7 11. exd6 Qxd6 12. Qf3 Nb6 13. Be4 Ra7 14. Rd1 Nd5 15. Be3 Nxe3 16. Qxe3 Qb6 17. a4 Bd7 18. axb5 axb5 19. Rxa7 Qxa7 20. Qg3 Bf6 21. Ndxb5 Bxb5 22. Nxb5 Qc5 23. Nd6+ Ke7 24. Nb7 Qb4 25. Qd3 Bxb2 26. c4 Qc3 27. Qd6+ Kf6 28. c5 Rc8 29. f5 Qe5 30. Qd3 exf5 31. Bxf5 Re8 32. Rf1 Ke7 33. Nd6 Rd8 34. Nc8+ Ke8 35. Qb5+ Kf8 36. Qb6 Nc6 37. Nd6 Qe2 38. Rb1 g6 39. Qxc6 gxf5 40. Qc7 1-0

[Event "GER-chT U16"]
[Site "Naumburg"]
[Date "2012.12.28"]
[Round "4"]
[White "Voege, Tobias"]
[Black "Eigemann, Frederik"]
[Result "1/2-1/2"]
[WhiteElo "1899"]
[BlackElo "1911"]
[PlyCount "81"]
[EventDate "2012.12.27"]
[EventType "team-swiss"]
[EventRounds "7"]
[EventCountry "GER"]
[SourceTitle "EXT 2014"]
[Source "ChessBase"]
[SourceDate "2013.11.20"]
[SourceVersion "1"]
[SourceVersionDate "2013.11.20"]
[SourceQuality "1"]
[WhiteTeam "Stader SV"]
[BlackTeam "Porz SG"]
[WhiteTeamCountry "GER"]
[BlackTeamCountry "GER"]

1. d4 d5 2. c4 c6 3. Nc3 dxc4 4. Nf3 e6 5. a4 Nf6 6. Bg5 Bb4 7. Qc2 h6 8. Bh4 Nbd7 9. e3 b5 10. Be2 Bb7 11. 0-0 a6 12. b3 cxb3 13. Qxb3 Be7 14. Nd2 0-0 15. Bf3 Qb6 16. Rfc1 Rfc8 17. Qb2 Kf8 18. Nde4 b4 19. Nxf6 gxf6 20. a5 bxc3 21. Qxb6 Nxb6 22. axb6 Bb4 23. Bxf6 a5 24. Ra4 Ra6 25. Be2 Rxb6 26. f3 Ba6 27. Bxa6 Rxa6 28. Be5 Ke7 29. Kf2 c5 30. dxc5 Rxc5 31. Bf4 h5 32. e4 Rc4 33. Ke2 c2 34. Ra2 Rac6 35. Be5 f6 36. Ba1 R4c5 37. Bd4 Rc4 38. Kd3 Kf7 39. h3 Kg6 40. g3 Rc8 41. f4 1/2-1/2

[Event "Verbandsliga Mittelrhein-Ost 1213"]
[Site "Germany"]
[Date "2012.11.11"]
[Round "4.3"]
[White "Schwarz, Andreas"]
[Black "Eigemann, Frederik"]
[Result "1/2-1/2"]
[WhiteElo "1912"]
[BlackElo "1911"]
[PlyCount "33"]
[EventDate "2012.09.09"]
[EventType "team"]
[EventRounds "11"]
[EventCountry "GER"]
[SourceTitle "EXT 2015"]
[Source "ChessBase"]
[SourceDate "2014.11.20"]
[SourceVersion "1"]
[SourceVersionDate "2014.11.20"]
[SourceQuality "1"]
[WhiteTeam "Troisdorf"]
[BlackTeam "Koeln Porz III"]
[WhiteTeamCountry "GER"]
[BlackTeamCountry "GER"]

1. e4 e6 2. c4 d5 3. exd5 exd5 4. cxd5 Nf6 5. Qa4+ Nbd7 6. Nc3 Bd6 7. d4 0-0 8. Be2 Nb6 9. Qc2 Nbxd5 10. Nf3 Nb4 11. Qd1 Re8 12. 0-0 c6 13. Bg5 h6 14. Bh4 Bf5 15. a3 Na6 16. Qd2 Nb8 17. Bd3 1/2-1/2

[Event "Verbandsliga Mittelrhein-Ost 1213"]
[Site "Germany"]
[Date "2012.09.09"]
[Round "1.4"]
[White "Eigemann, Frederik"]
[Black "Mittmann, Johannes"]
[Result "1/2-1/2"]
[WhiteElo "1911"]
[BlackElo "1960"]
[PlyCount "29"]
[EventDate "2012.09.09"]
[EventType "team"]
[EventRounds "11"]
[EventCountry "GER"]
[SourceTitle "EXT 2015"]
[Source "ChessBase"]
[SourceDate "2014.11.20"]
[SourceVersion "1"]
[SourceVersionDate "2014.11.20"]
[SourceQuality "1"]
[WhiteTeam "Koeln Porz III"]
[BlackTeam "Godesberg V"]
[WhiteTeamCountry "GER"]
[BlackTeamCountry "GER"]

1. d4 d5 2. c4 c6 3. Nf3 Nf6 4. Nbd2 e6 5. g3 Nbd7 6. Bg2 Be7 7. 0-0 0-0 8. Qc2 dxc4 9. Nxc4 c5 10. Rd1 cxd4 11. Nxd4 Bc5 12. Nb3 Be7 13. Nd4 Bc5 14. Nb3 Be7 15. Nd4 1/2-1/2

[Event "Mittelrhein Verbandsliga-O 1112"]
[Site "Germany"]
[Date "2012.03.18"]
[Round "8"]
[White "Hessenius, Ingo"]
[Black "Eigemann, Frederik"]
[Result "1/2-1/2"]
[WhiteElo "2058"]
[BlackElo "1979"]
[PlyCount "138"]
[EventDate "2011.09.18"]
[EventType "team-tourn"]
[EventRounds "11"]
[EventCountry "GER"]
[SourceTitle "EXT 2013"]
[Source "ChessBase"]
[SourceDate "2012.11.22"]
[SourceVersion "1"]
[SourceVersionDate "2012.11.22"]
[SourceQuality "1"]
[WhiteTeam "Euskirchen Turm"]
[BlackTeam "Koeln Porz III"]
[WhiteTeamCountry "GER"]
[BlackTeamCountry "GER"]

1. c4 c5 2. g3 Nf6 3. Bg2 e6 4. Nf3 Be7 5. 0-0 Qc7 6. Nc3 a6 7. e4 d6 8. b3 b6 9. d4 cxd4 10. Nxd4 Bb7 11. Bb2 0-0 12. Rc1 Nbd7 13. Qe2 Rfe8 14. Kh1 Rac8 15. g4 g6 16. Nc2 Qb8 17. Ne3 Qa8 18. f3 Bf8 19. Qf2 Rcd8 20. Rcd1 Bc6 21. Ne2 Qb8 22. Ng3 h6 23. f4 Nh7 24. f5 Re7 25. Nc2 Ne5 26. fxe6 fxe6 27. Qe2 Bg7 28. Nb4 Bb7 29. Nd3 Nxd3 30. Rxd3 Ng5 31. Bxg7 Rxg7 32. Rd2 Rdd7 33. Qe3 Qd8 34. Ne2 e5 35. Rfd1 Kh7 36. Rf1 Rgf7 37. Rxf7+ Rxf7 38. Nc3 Ne6 39. Rf2 Rxf2 40. Qxf2 Kg7 41. Kg1 Qc7 42. Qe3 Qc5 43. Kf2 Kf6 44. h4 g5 45. h5 Bc6 46. Qxc5 Nxc5 47. Ke3 Ke6 48. b4 Na4 49. Nxa4 Bxa4 50. Bf3 Kd7 51. Kd3 Kc6 52. Kc3 b5 53. a3 bxc4 54. Kxc4 Bb5+ 55. Kc3 Bf1 56. Kb3 Kb6 57. Kc3 a5 58. Kb3 Kb5 59. bxa5 Kxa5 60. Kc3 Kb5 61. Kb3 Kc5 62. Kc3 Bb5 63. Bd1 Bc4 64. Bf3 Bf1 65. a4 Bc4 66. Bd1 Ba6 67. Bb3 Be2 68. Be6 Bd1 69. Bd7 Bf3 1/2-1/2

[Event "Mittelrhein Verbandsliga-O 1112"]
[Site "Germany"]
[Date "2012.01.15"]
[Round "5"]
[White "Eigemann, Frederik"]
[Black "Moos, Gerd"]
[Result "1/2-1/2"]
[WhiteElo "1987"]
[BlackElo "1940"]
[PlyCount "41"]
[EventDate "2011.09.18"]
[EventType "team-tourn"]
[EventRounds "11"]
[EventCountry "GER"]
[SourceTitle "EXT 2013"]
[Source "ChessBase"]
[SourceDate "2012.11.22"]
[SourceVersion "1"]
[SourceVersionDate "2012.11.22"]
[SourceQuality "1"]
[WhiteTeam "Koeln Porz III"]
[BlackTeam "Bonn Stadtverwaltung"]
[WhiteTeamCountry "GER"]
[BlackTeamCountry "GER"]

1. d4 d5 2. c4 c6 3. Nf3 Nf6 4. Nbd2 Bg4 5. Qb3 Qb6 6. e3 Nbd7 7. Bd3 e6 8. 0-0 Be7 9. Qc2 Bh5 10. b3 Bg6 11. Bb2 a5 12. Rfe1 Bxd3 13. Qxd3 0-0 14. e4 dxe4 15. Nxe4 Qc7 16. Rac1 Bb4 17. Re2 Qf4 18. Rd1 Rfd8 19. Bc1 Qc7 20. Bg5 h6 21. Bh4 1/2-1/2

[Event "Mittelrhein Verbandsliga-O 1112"]
[Site "Germany"]
[Date "2011.11.13"]
[Round "3"]
[White "Eigemann, Frederik"]
[Black "Neese, Hans Joachim"]
[Result "0-1"]
[WhiteElo "1996"]
[BlackElo "2046"]
[PlyCount "106"]
[EventDate "2011.09.18"]
[EventType "team-tourn"]
[EventRounds "11"]
[EventCountry "GER"]
[SourceTitle "EXT 2013"]
[Source "ChessBase"]
[SourceDate "2012.11.22"]
[SourceVersion "1"]
[SourceVersionDate "2012.11.22"]
[SourceQuality "1"]
[WhiteTeam "Koeln Porz III"]
[BlackTeam "Hennef"]
[WhiteTeamCountry "GER"]
[BlackTeamCountry "GER"]

1. d4 d5 2. c4 e6 3. Nc3 Nf6 4. cxd5 exd5 5. Bg5 c6 6. Qc2 Be7 7. e3 Bg4 8. Bd3 Nbd7 9. Nge2 h6 10. Bh4 Nb6 11. 0-0 0-0 12. Rab1 Re8 13. b4 Nc4 14. Bxc4 dxc4 15. f3 Bd7 16. e4 Qc8 17. Rfd1 b5 18. a4 a5 19. e5 Bf5 20. Ne4 Nd5 21. Bxe7 Rxe7 22. N2g3 Bg6 23. Qc1 axb4 24. axb5 cxb5 25. f4 Qg4 26. h3 Qxf4 27. Qxf4 Nxf4 28. Rxb4 Ra2 29. Nf2 Rb7 30. d5 Bd3 31. d6 Kf8 32. Nge4 Rb8 33. Nc5 Bf5 34. Kf1 Ke8 35. g4 Bd7 36. Nfe4 Ne6 37. Nxd7 Kxd7 38. Nc3 Ra5 39. Rd5 Kc6 40. d7 Nd8 41. Rxc4+ bxc4 42. Rxa5 Kxd7 43. Rd5+ Kc6 44. Rd6+ Kc5 45. Ke2 Ne6 46. Rd7 Rb2+ 47. Ke3 Rh2 48. Ne4+ Kc6 49. Rxf7 Rxh3+ 50. Kd2 Kd5 51. Nd6 c3+ 52. Kc1 Nd4 53. Nf5 Rh1# 0-1